000 00399cam a22001337a 4500
008 180718b1956-58 xxu||||| |||| 00| 0 eng d
082 _aZ46x54 K959
100 _aKulkarni, K.R.
245 _aAgricultural marketing in India
_cby K.R., Kulkarni
250 _a2nd ed.
260 _aBombay
_bCo-operator's Book Depot
_c1956-58
650 _aFarm produce --Marketing
650 _aProduce trade --India
999 _c369844
_d369844